000 00637nam a2200205 a 4500
001 000022862
005 20200930021837.0
008 101119s1977 xxuc r 000 0 spa d
020 _a0311010687
040 _aDO-SdBNP
_bspa
_cBNPHU
082 _axxx
_bC323p
100 1 _aCarter, Jimmy
_942958
245 1 0 _a¿Por qué no lo mejor? /
_cJimmy Carter ;Edición José Tomás Poe ; traducción Tito Fafasuli.
260 _a[s. l.] :
_bMundo Hispano,
_c1977.
300 _a154 p. :
_bretrs. ;
_c18 cm.
534 _aWhu not the best?
700 1 _aPoe, José Tomás,
_etr.
_946989
700 1 _aFafasuli, Tito,
_etr.
_946990
049 _aBNGR
999 _c22359
_d22359